Estatísticas para Campeões Brasileiros

Clique aqui para jogar o quiz

Estatísticas Gerais

  • Esse quiz foi jogado 51 vezes
  • A pontuação média é 16 de 17

Estatísticas das Respostas

HintResposta% Correto
2Atlético Mineiro
100%
7Corinthians
100%
4Cruzeiro
100%
7Flamengo
100%
2Grêmio
100%
3Internacional
100%
11Palmeiras
100%
8Santos
100%
6São Paulo
100%
4Vasco
100%
2Botafogo
98%
4Fluminense
98%
1Athletico Paranaense
94%
2Bahia
90%
1Sport
90%
1Coritiba
86%
1Guarani
80%

Distribuição das Pontuações

Percentil de Números Respondidos

Porcentagem de Pessoas com Cada Pontuação

Sua Pontuação Histórica

Você não jogou esse quiz